[Event "Calabria Province-ch"]
[Site "Cutro"]
[Date "2012.02.25"]
[Round "2"]
[White "Grillo, Gianluca"]
[Black "Mano, Vincenzo"]
[Result "0-1"]
[WhiteElo "1308"]
[BlackElo "1862"]
[PlyCount "90"]
[EventDate "2012.02.24"]
[EventType "swiss"]
[EventRounds "5"]
[EventCountry "ITA"]
[SourceTitle "EXT 2024"]
[Source "ChessBase"]
[SourceDate "2023.10.10"]
[SourceVersion "1"]
[SourceVersionDate "2023.10.10"]
[SourceQuality "1"]

1. e4 e6 2. Nc3 b6 3. Bc4 Ne7 4. Nf3 Bb7 5. 0-0 Ng6 6. d4 Be7 7. a3 0-0 8. Re1 d6 9. d5 e5 10. b4 Nd7 11. a4 a6 12. b5 axb5 13. Bxb5 Nc5 14. Bc6 Bxc6 15. dxc6 Qe8 16. Bg5 Qxc6 17. Bxe7 Nxe7 18. Nd5 Nxd5 19. exd5 Qd7 20. Ng5 h6 21. Ne4 Nxa4 22. c3 f5 23. Ng3 Nxc3 24. Qd3 Rxa1 25. Rxa1 Na4 26. Qc4 Nc5 27. Ne2 f4 28. f3 Qf5 29. g4 fxg3 30. Nxg3 Qxf3 31. Rf1 Qe3+ 32. Kg2 Rxf1 33. Nxf1 Qe4+ 34. Qxe4 Nxe4 35. Kf3 Nc3 36. Ne3 b5 37. Kg4 b4 38. Kf5 Kf7 39. h4 b3 40. Nc4 Nxd5 41. Ke4 Ke6 42. h5 Nf6+ 43. Kd3 d5 44. Nd2 c5 45. Nxb3 c4+ 0-1

[Event "Crotone Province-ch 11"]
[Site "Crotone"]
[Date "2010.11.27"]
[Round "4"]
[White "Chiofalo, Gianfranco"]
[Black "Mano, Vincenzo"]
[Result "0-1"]
[WhiteElo "1510"]
[BlackElo "1940"]
[PlyCount "58"]
[EventDate "2010.11.20"]
[EventType "swiss"]
[EventRounds "6"]
[EventCountry "ITA"]
[SourceTitle "EXT 2024"]
[Source "ChessBase"]
[SourceDate "2023.10.10"]
[SourceVersion "1"]
[SourceVersionDate "2023.10.10"]
[SourceQuality "1"]

1. e4 e6 2. d4 d5 3. Nc3 Bb4 4. Bd2 c5 5. Na4 Bxd2+ 6. Qxd2 cxd4 7. Qxd4 Nc6 8. Qxg7 Qf6 9. Qg3 dxe4 10. Bb5 Nge7 11. 0-0-0 Qg6 12. Qd6 0-0 13. Qg3 b6 14. Ne2 Nb4 15. Nac3 a6 16. Bc4 Nf5 17. Qc7 e3 18. f3 Ng7 19. Ne4 b5 20. Bb3 a5 21. Qe7 Nf5 22. Nf6+ Kg7 23. Ne8+ Rxe8 24. Qxe8 a4 25. Rd8 axb3 26. Qh8+ Kh6 27. a3 Ng7 28. Nd4 Qxg2 29. Rd1 bxc2 0-1

[Event "Crotone Province-ch 11"]
[Site "Crotone"]
[Date "2010.11.21"]
[Round "3"]
[White "Mano, Vincenzo"]
[Black "Campagna, Angelo"]
[Result "1-0"]
[WhiteElo "1940"]
[BlackElo "1679"]
[PlyCount "85"]
[EventDate "2010.11.20"]
[EventType "swiss"]
[EventRounds "6"]
[EventCountry "ITA"]
[SourceTitle "EXT 2024"]
[Source "ChessBase"]
[SourceDate "2023.10.10"]
[SourceVersion "1"]
[SourceVersionDate "2023.10.10"]
[SourceQuality "1"]

1. c4 c5 2. Nc3 Nf6 3. e4 Nc6 4. Nf3 d6 5. h3 h6 6. Be2 e6 7. 0-0 Be7 8. d3 0-0 9. Be3 Nh7 10. Qd2 Bg5 11. Nxg5 Nxg5 12. f4 Nh7 13. Bf3 e5 14. f5 Nd4 15. Nd5 Nf6 16. Rf2 Nxd5 17. cxd5 Qf6 18. Raf1 Kh7 19. Bd1 Rh8 20. g4 Qh4 21. Kh2 Bd7 22. Rg2 Kg8 23. Rg3 Rc8 24. g5 hxg5 25. Bxg5 Qh7 26. Bf6 g6 27. Bxh8 Kxh8 28. fxg6 fxg6 29. Qg5 Rg8 30. Rf6 Bb5 31. Rxd6 Bxd3 32. Qxe5+ Qg7 33. Qxg7+ Rxg7 34. Rxd3 g5 35. Rh6+ Kg8 36. Rf6 b5 37. e5 b4 38. e6 a5 39. Re3 Nb5 40. e7 Nc7 41. e8Q+ Nxe8 42. Rxe8+ Kh7 43. Bc2+ 1-0

[Event "Crotone Province-ch 11"]
[Site "Crotone"]
[Date "2010.11.20"]
[Round "1"]
[White "Mano, Vincenzo"]
[Black "Grano, Giuseppe"]
[Result "1-0"]
[WhiteElo "1940"]
[BlackElo "1679"]
[PlyCount "51"]
[EventDate "2010.11.20"]
[EventType "swiss"]
[EventRounds "6"]
[EventCountry "ITA"]
[SourceTitle "EXT 2024"]
[Source "ChessBase"]
[SourceDate "2023.10.10"]
[SourceVersion "1"]
[SourceVersionDate "2023.10.10"]
[SourceQuality "1"]

1. c4 Nf6 2. Nc3 c6 3. d4 d5 4. e3 g6 5. Bd3 Bg7 6. b3 0-0 7. h3 Nbd7 8. Nf3 Qc7 9. Bb2 a6 10. Rc1 e6 11. Qe2 Re8 12. 0-0 Qd6 13. Rfd1 Qb8 14. e4 e5 15. cxd5 exd4 16. dxc6 bxc6 17. Nxd4 Bb7 18. Na4 c5 19. Nxc5 Nxc5 20. Rxc5 Nxe4 21. Bxe4 Bxe4 22. Qc4 Qf4 23. Ne2 Qb8 24. Bxg7 Kxg7 25. Rc7 Ra7 26. Qxf7+ 1-0

[Event "Cutro op-B 08th"]
[Site "Cutro"]
[Date "2002.04.29"]
[Round "6"]
[White "Forlano, Luigi"]
[Black "Mano, Vincenzo"]
[Result "1-0"]
[WhiteElo "1884"]
[BlackElo "1798"]
[PlyCount "105"]
[EventDate "2002.04.24"]
[EventType "swiss"]
[EventRounds "9"]
[EventCountry "ITA"]
[SourceTitle "EXT 2024"]
[Source "ChessBase"]
[SourceDate "2023.10.10"]
[SourceVersion "1"]
[SourceVersionDate "2023.10.10"]
[SourceQuality "1"]

1. e4 c5 2. Nf3 d6 3. d4 cxd4 4. Nxd4 Nf6 5. f3 a6 6. c4 Nbd7 7. Be3 Ne5 8. Qd2 h6 9. Nc3 e6 10. Be2 Bd7 11. 0-0 Rc8 12. b3 Be7 13. Rac1 Nc6 14. Rfd1 Qa5 15. Nxc6 Bxc6 16. Bf1 Nd7 17. Bd4 Nf6 18. g3 Qh5 19. b4 0-0 20. b5 axb5 21. cxb5 Bd7 22. a4 Ra8 23. Be2 Qg6 24. Ra1 e5 25. Be3 Be6 26. a5 h5 27. a6 bxa6 28. bxa6 h4 29. g4 h3 30. Kh1 Rfd8 31. Bd3 Nd7 32. Bf1 Qh7 33. a7 Nc5 34. Bxc5 dxc5 35. Qxd8+ Rxd8 36. Rxd8+ Bxd8 37. a8Q Qh4 38. Rd1 Kh7 39. Qxd8 Qf2 40. Bxh3 Qxf3+ 41. Bg2 Qxg4 42. Qd3 Qg5 43. Qg3 Qh6 44. Qxe5 Bg4 45. Re1 Qd2 46. Qg3 Be6 47. Nd5 g6 48. Nf6+ Kg7 49. e5 c4 50. Qe3 Qb4 51. h3 Bf5 52. Ra1 c3 53. Ra8 1-0

[Event "Cutro op-B 08th"]
[Site "Cutro"]
[Date "2002.04.27"]
[Round "4"]
[White "Fittante, Giuliana"]
[Black "Mano, Vincenzo"]
[Result "1/2-1/2"]
[WhiteElo "1815"]
[BlackElo "1798"]
[PlyCount "45"]
[EventDate "2002.04.24"]
[EventType "swiss"]
[EventRounds "9"]
[EventCountry "ITA"]
[SourceTitle "EXT 2024"]
[Source "ChessBase"]
[SourceDate "2023.10.10"]
[SourceVersion "1"]
[SourceVersionDate "2023.10.10"]
[SourceQuality "1"]

1. d4 d5 2. Nf3 h6 3. e3 Nf6 4. Bd3 Nbd7 5. Nbd2 e6 6. Qe2 c5 7. c3 Be7 8. 0-0 Qc7 9. e4 dxe4 10. Nxe4 b6 11. Nxf6+ Nxf6 12. Ne5 0-0 13. Bf4 Bd6 14. Rad1 Bb7 15. Rfe1 cxd4 16. cxd4 Bd5 17. Bb1 Qb7 18. f3 Rfd8 19. Qd3 Bb4 20. Re2 Rac8 21. Bd2 Bxd2 22. Rexd2 Rc7 23. Qe2 1/2-1/2